Giải pháp đẩy mạnh sự tham gia của cộng đồng cho phát triển công trình thủy lợi theo hình thức đối tác công - tư (PPP) tại tỉnh Hậu Giang : Luận văn thạc sĩ. Chuyên ngành Kinh tế Nông nghiệp
Giải pháp đẩy mạnh sự tham gia của cộng đồng cho phát triển công trình thủy lợi theo hình thức đối tác công - tư (PPP) tại tỉnh Hậu Giang và giải pháp phát triển
Saved in:
| Main Author: | |
|---|---|
| Format: | Book |
| Language: | Undetermined |
| Published: |
Cần Thơ
Trường Đại học Cần Thơ
2016
|
| Subjects: | |
| Tags: |
Add Tag
No Tags, Be the first to tag this record!
|
| Institutions: | Trung tâm Học liệu Trường Đại học Cần Thơ |
|---|
| LEADER | 01219nam a2200229Ia 4500 | ||
|---|---|---|---|
| 001 | CTU_212286 | ||
| 008 | 210402s9999 xx 000 0 und d | ||
| 082 | |a 338.1 | ||
| 082 | |b Nh550 | ||
| 088 | |a 60620115 | ||
| 100 | |a Huỳnh, Thị Kiều Như | ||
| 245 | 0 | |a Giải pháp đẩy mạnh sự tham gia của cộng đồng cho phát triển công trình thủy lợi theo hình thức đối tác công - tư (PPP) tại tỉnh Hậu Giang : | |
| 245 | 0 | |b Luận văn thạc sĩ. Chuyên ngành Kinh tế Nông nghiệp | |
| 245 | 0 | |c Huỳnh Thị Kiều Như ; Nguyễn Hữu Đặng (Cán bộ hướng dẫn) | |
| 260 | |a Cần Thơ | ||
| 260 | |b Trường Đại học Cần Thơ | ||
| 260 | |c 2016 | ||
| 520 | |a Giải pháp đẩy mạnh sự tham gia của cộng đồng cho phát triển công trình thủy lợi theo hình thức đối tác công - tư (PPP) tại tỉnh Hậu Giang và giải pháp phát triển | ||
| 650 | |a Agriculture,Nông nghiệp | ||
| 650 | |x Economic aspects,Khía cạnh kinh tế | ||
| 904 | |i Nguyên | ||
| 980 | |a Trung tâm Học liệu Trường Đại học Cần Thơ | ||